000 00374nam a2200133Ia 4500
008 220217s9999||||xx |||||||||||||| ||und||
020 _a81-7366-666-0
082 _a005.13 REE
100 _aReese, George
_95539
245 0 _aJava database best practices
260 _aShroff publishers and dis. Pvt.
_bMumbai
_c2003
300 _b275
650 _aPROGRAMMING LANGUAGE
999 _c176613
_d176613